000 00346 a2200157 4500
003 Nust
005 20170207153454.0
040 _cNust
082 _a920
100 _aAli, mohamed Maulana
245 _aMy Life A Fragment
_cMaulana Mohamed Ali
250 _aBiography
260 _aLahore
_bShaikh M. Ashraf
300 _a362:p
650 _aBiography
942 _2ddc
_cBK
999 _c187040
_d187040